Origen de las lenguas occidentales 100-1500 d.C

שמור ב:
מידע ביבליוגרפי
מחבר ראשי: Wolff, Philippe (Author)
פורמט: ספר
שפה:ספרדית
יצא לאור: Madrid Guadarrama 1971
סדרה:Biblioteca Para el Hombre Actual
נושאים:
תגים: הוספת תג
אין תגיות, היה/י הראשונ/ה לתייג את הרשומה!

MARC

LEADER 00000nam a2200000 a 4500
001 UCZ3190
003 CL-VaPUC
008 951020e19710000SP |||||||||||||||||spa|d
082 0 4 |a 409  |b WOL  |2 21 
100 0 |a Wolff, Philippe  |e author  |9 346999 
245 1 0 |a Origen de las lenguas occidentales 100-1500 d.C 
300 |a 256 p 
942 |c BK 
945 |d 19951020 00:00:00  |a rleighto 
260 |a Madrid  |b Guadarrama  |c 1971 
650 0 |a Lenguas vernáculas   |9 347000 
650 7 |a HISTORIA SIGLOS 1-15  |2 CL-VaPUC  |9 347001 
650 0 |a Edad media  |9 258041 
650 7 |a LENGUAS INDOEUROPEAS  |2 CL-VaPUC  |9 347002 
650 7 |a CULTURAS EUROPEAS  |2 CL-VaPUC  |9 338500 
583 |a last modification  |c 20160810 05:08:21  |k Rodrigo Vera 
490 0 |a Biblioteca Para el Hombre Actual 
999 |c 239691  |d 239689 
952 |0 0  |1 0  |4 0  |6 409_000000000000000_WOL_1971  |7 0  |8 A  |9 250995  |a BIBART  |b BIBART  |d 2019-11-18  |i 3141667  |l 12  |m 1  |o 409 WOL 1971  |p 3141667  |q 2025-07-31  |r 2025-03-13  |s 2024-12-19  |w 2019-11-18  |y BK  |k ART 
952 |0 0  |1 0  |4 0  |6 409_000000000000000_WOL_1971  |7 0  |8 A  |9 250996  |a BIBHIS  |b BIBHIS  |d 2019-11-18  |i 3351068  |o 409 WOL 1971  |p 3351068  |r 2025-01-20  |w 2019-11-18  |y BK  |k HIS